01191nam a2200241 a 450000100100000000500170001000800410002702000180006804000250008610000410011124501650015226000360031730000210035350000620037450000420043650400290047870000470050770000420055495201200059695201050071695201110082199900170093200003975220201002033720.0130718s2013 dr 000 0 spa d a9789945165456 aDO-SdBNPbspacBNPHU1 aGonzález Benítez, Idarmis96594210aMi familia está en crisis! :b¿qué hacer para superarla? /cIdarmis González Benítez, Patricia María Herrera Santí ; prólogo Alexis Lorenzo Ruiz. aSanto Domingo :bBúho,c2013. a126 p. ;c24 cm. aIncluye datos biográficos de las autoras en las solapas aIncluye notas al pie de las páginas aBibliografía : 115-1261 aHerrera Santí, Patriacia María,9659431 aLorenzo Ruiz, Alexis,epról.965944 001054708DSaGRbGRcCTd2013-07-18iLF1l0o p39752-30r2020-06-25te. 3w2020-06-25yLFDSZPréstamo en sala 0010718PDaPDbPDcCTd2013-07-18iLF1l0o p39752-10r2020-06-25w2020-06-25yLFPDZNo se presta 0010718PDaPDbPDcCTd2013-07-18iLF1l0o p39752-20r2020-06-25te. 2w2020-06-25yLFPDZNo se presta c39242d39242